000 00904nam0a2200289 4500
001 RU\NLR\BIBL_A\012830865
005 20250624174141.0
010 _91500
035 _a(NLR Aleph) 012830865
090 _a13310322
_c13310322
100 _a20220627d1961 |||y0rusy50 ca
101 0 _achv
102 _aRU
105 _ay z 000 y
181 0 _ai
_baxxe
182 0 _an
200 1 _aСěве тăрăхěнче
_fВ. Садай
203 _aТекст
_bвизуальный
_cнепосредственный
210 _aШупашкар
_cЧăваш АССР Гос. изд-ви
_d1961
215 _a34,[1] с.
_d16
541 1 _aВ окрестностях Свияги
_eочерк
_zrus
686 1 _aШ6(2=Чув.)7-49
700 1 _aСадай
_f1926-1991
_gВладимир Леонтьевич
_4070
852 _aNLR
_bОНЛ
_jЧув./2-2926
942 _cBOOK
980 _aNB